Score 0/10 Timer 01:30
1 Play Today
Party President % Correct
NoneGeorge Washington
92.5%
DemocratBill Clinton
87.3%
DemocraticFranklin Delano Roosevelt
84.9%
Democratic-RepublicanThomas Jefferson
83.8%
RepublicanTheodore Roosevelt
83.6%
Democratic-RepublicanJames Madison
75.9%
DemocraticLyndon B. Johnson
57.5%
DemocraticAndrew Jackson
53.6%
RepublicanHerbert Hoover
46.9%
RepublicanDonald Trump
45.9%
Remove Ads.
Support Sporcle.
Get the best of Sporcle when you Go Orange. This ad-free experience offers more features, more stats, and more fun while also helping to support Sporcle. Thank you for becoming a member.

You're not logged in!

Compare scores with friends on all Sporcle quizzes.
OR
Log In

Sporcle TV

Today on Sporcle TV


Watch our educational content, quiz creation guides, and fun videos on Sporcle TV.

Show Comments

Extras

Top Quizzes Today


Score Distribution

Paid Content

Your Account Isn't Verified!

In order to create a playlist on Sporcle, you need to verify the email address you used during registration. Go to your Sporcle Settings to finish the process.

Report this User

Report this user for behavior that violates our Community Guidelines.

Details: